000
00208 a2200109 4500
020
_a
1572574674
041
_a
spa
100
_a
Shaw, Peter
245
_a
Desayuno del Gigante
942
_c
BK
999
_c
29675
_d
29673
999
_d
29673